000 00389nam a2200157Ia 4500
008 240729s9999 xx 000 0 und d
022 _a2083-5965
245 0 _aFolia Horticulturae
260 _aPoland
260 _bSciendo
650 _a Plant culture
650 _aAgriculture
856 _uhttps://doaj.org/toc/c658e7f3c97f486085d20b0910b9729f
942 _2ddc
942 _cDOAJEJ
999 _c73128
_d73128
945 _a1
_bMadushi Gamage
_c1
_dMadushi Gamage